[Event "4NCL Northern Crewe"]
[Site ", "]
[Date "2011.01.16"]
[Round "4"]
[White "Blackburn, Joathan Lb"]
[Black "Hague, Ben"]
[Result "1-0"]
[WhiteElo "2170"]
[BlackElo "2301"]
[PlyCount "105"]
[EventDate "2011.??.??"]

1. d4 g6 2. c4 Bg7 3. Nc3 c5 4. d5 f5 5. Qc2 Nf6 6. h4 d6 7. Nh3 e5 8. dxe6
Bxe6 9. Nf4 Qd7 10. Ncd5 Nxd5 11. cxd5 Bf7 12. e3 O-O 13. Bd2 Qe7 14. Bc3 Nd7
15. Bxg7 Kxg7 16. Be2 Qe4 17. Qc3+ Qe5 18. O-O-O Qxc3+ 19. bxc3 Kf6 20. g4 h6
21. g5+ hxg5 22. hxg5+ Ke7 23. Rh7 Rg8 24. e4 fxe4 25. Rdh1 Nf8 26. R7h4 a6 27.
c4 Re8 28. Ng2 Kd8 29. Ne3 Re5 30. Rf4 Be8 31. Ng4 Rxg5 32. Nh6 Rg7 33. Rxf8
Rh7 34. Rh4 Re5 35. Rh2 Kc7 36. Ng4 Rxh2 37. Nxh2 Re7 38. Ng4 Bd7 39. Ne3 b5
40. Kd2 b4 41. Ng4 Bf5 42. Nh6 a5 43. Rf7 Rxf7 44. Nxf7 a4 45. Kc1 a3 46. Bd1
Kd7 47. Nh6 Ke7 48. Nxf5+ gxf5 49. f3 Kf6 50. fxe4 f4 51. Kd2 Ke5 52. Kd3 f3
53. Ke3 1-0

[Event "4NCL Northern Crewe"]
[Site ", "]
[Date "2011.01.16"]
[Round "4"]
[White "Shaw, Robert"]
[Black "Murphy, James A"]
[Result "0-1"]
[WhiteElo "2235"]
[BlackElo "2106"]
[PlyCount "78"]
[EventDate "2011.??.??"]

1. d4 Nf6 2. Bg5 Ne4 3. Bf4 d5 4. e3 c5 5. Nd2 Nxd2 6. Qxd2 Nc6 7. Nf3 Qb6 8.
c3 cxd4 9. exd4 Bg4 10. Be2 e6 11. h3 Bh5 12. O-O Be7 13. Rfe1 O-O 14. Ne5 Nxe5
15. Bxe5 Bg6 16. Bd3 Bxd3 17. Qxd3 Rac8 18. Qg3 f6 19. Bf4 Qxb2 20. Rab1 Qxc3
21. Qxc3 Rxc3 22. Rxb7 Kf7 23. Bd6 Re8 24. Rxa7 Rc6 {(=)} 25. Bf4 g5 26. Bg3 {
(=)} Kg6 27. Rb1 h5 28. Rbb7 Bf8 29. f4 Bd6 30. f5+ Kxf5 31. Bxd6 Rxd6 32. Kf2
Ke4 33. Rf7 f5 34. Rg7 g4 35. Rh7 gxh3 36. gxh3 Kxd4 37. Rxh5 Ke4 38. a4 f4 39.
Rb7 Rc8 0-1

[Event "4NCL Northern Crewe"]
[Site ", "]
[Date "2011.01.16"]
[Round "4"]
[White "Correa Hernandez, Samuel"]
[Black "Gilmore, Simon"]
[Result "1-0"]
[WhiteElo "2025"]
[BlackElo "2114"]
[PlyCount "43"]
[EventDate "2011.??.??"]

1. c4 c6 2. d4 d5 3. Nc3 Nf6 4. Nf3 a6 5. a4 e6 6. e3 c5 7. Be2 cxd4 8. exd4
Bb4 9. O-O O-O 10. Bg5 Be7 11. Re1 Nc6 12. Bd3 h6 13. Bh4 Nb4 14. c5 b6 15.
cxb6 Qxb6 16. a5 Qc7 17. Ne5 Bd7 18. Bb1 Rab8 19. Re3 Bb5 20. Rg3 Nc6 21. Nxb5
axb5 22. Rc3 1-0

[Event "4NCL Northern Crewe"]
[Site ", "]
[Date "2011.01.16"]
[Round "4"]
[White "Doran, Chris"]
[Black "Brijmohun, Louis"]
[Result "1/2-1/2"]
[WhiteElo "2020"]
[BlackElo "2018"]
[PlyCount "65"]
[EventDate "2011.??.??"]

1. e4 e5 2. Nf3 Nc6 3. Bb5 a6 4. Ba4 Nf6 5. O-O Be7 6. Re1 b5 7. Bb3 d6 8. c3
O-O 9. h3 Na5 10. Bc2 c5 11. d4 Nd7 12. Nbd2 exd4 13. cxd4 Nc6 14. d5 Nce5 15.
Nxe5 Nxe5 16. f4 Ng6 17. Nf3 Bh4 18. Nxh4 Qxh4 19. f5 Ne5 20. Rf1 Kh8 21. Rf4
Qe7 22. Qh5 g5 23. f6 Qd7 24. Rf5 Qd8 25. Qh6 Rg8 26. Rxg5 Rxg5 27. Qxg5 Qg8
28. Qxg8+ Kxg8 29. Bf4 a5 30. b3 Bd7 31. Rc1 Re8 32. Kf2 b4 33. Bxe5 1/2-1/2

[Event "4NCL Northern Crewe"]
[Site ", "]
[Date "2011.01.16"]
[Round "4"]
[White "Armstrong, Malcolm J"]
[Black "Lonsdale, Jon"]
[Result "1-0"]
[WhiteElo "1957"]
[BlackElo "1826"]
[PlyCount "87"]
[EventDate "2011.??.??"]

1. d4 Nf6 2. Nf3 e6 3. c4 Bb4+ 4. Nbd2 c5 5. a3 Bxd2+ 6. Bxd2 O-O 7. dxc5 Qc7
8. e3 Ne4 9. b4 a5 10. Bd3 Nxd2 11. Nxd2 axb4 12. axb4 Rxa1 13. Qxa1 d6 14. Ne4
dxc5 15. Nxc5 b6 16. Nb3 Qd6 17. Qc3 Rd8 18. Be2 Ba6 19. O-O e5 20. h3 Qe6 21.
b5 Bb7 22. c5 Bd5 23. c6 Bxb3 24. c7 Rc8 25. Bg4 f5 26. Bxf5 Qxf5 27. Qxb3+ Kh8
28. cxb8=Q Rxb8 29. Qd5 h6 30. Qd6 Rb7 31. Qc6 Qd7 32. Rc1 Qxc6 33. Rxc6 Kg8
34. Re6 Kf7 35. Rxe5 Rc7 36. f4 Rc2 37. Kh2 Rb2 38. Kg3 Kf6 39. h4 g6 40. Kf3
h5 41. g3 Rb4 42. g4 hxg4+ 43. Kxg4 Rb1 44. h5 1-0

[Event "4NCL Northern Crewe"]
[Site ", "]
[Date "2011.01.16"]
[Round "4"]
[White "Richardson, Alex"]
[Black "Norris, Michael J"]
[Result "1/2-1/2"]
[WhiteElo "2084"]
[BlackElo "1994"]
[PlyCount "124"]
[EventDate "2011.??.??"]

1. c4 Nf6 2. g3 c6 3. Nf3 d5 4. Bg2 g6 5. b3 Bg7 6. Bb2 O-O 7. O-O Re8 8. d4
Nbd7 9. Nbd2 e6 10. Qc2 b6 11. e4 dxe4 12. Nxe4 Nxe4 13. Qxe4 Bb7 14. Rad1 Qc7
15. h4 c5 16. Qb1 cxd4 17. Nxd4 Bxg2 18. Kxg2 e5 19. Nb5 Qc6+ 20. Kg1 a6 21.
Nd6 Re6 22. Ne4 f5 23. Ng5 Re7 24. Ba3 Ree8 25. Rd6 Qb7 26. Rfd1 Nf6 27. Ne6
Bh8 28. Bb2 Ng4 29. Qd3 e4 30. Qe2 Ne5 31. Bxe5 Bxe5 32. Rd7 Qc6 33. Ng5 Bg7
34. Qd2 b5 35. Qd5+ Qxd5 36. cxd5 e3 37. fxe3 Rxe3 38. Kf2 Rc3 39. Rd2 h6 40.
Nf3 a5 41. d6 a4 42. bxa4 bxa4 43. Rc7 Rd8 44. Rxc3 Bxc3 45. Rd3 Bf6 46. Nd2
Kf7 47. Nc4 Rc8 48. Ne3 Ke6 49. Ra3 Ra8 50. Nc4 Bd4+ 51. Kf3 Kd5 52. Ne3+ Kxd6
53. Rd3 Kc5 54. Nc2 Be5 55. Ne3 Re8 56. h5 gxh5 57. Nxf5 Re6 58. Re3 Kd5 59.
Rd3+ Kc4 60. Re3 Kd5 61. Rd3+ Kc4 62. Re3 Kd5 1/2-1/2

[Event "4NCL North"]
[Site "Harrogate"]
[Date "2011.02.19"]
[Round "5"]
[White "Williams, Winston"]
[Black "Ackley, Peter J E"]
[Result "1/2-1/2"]
[WhiteElo "2220"]
[BlackElo "2024"]
[PlyCount "34"]
[EventDate "2011.??.??"]

1. f4 g6 2. Nf3 Bg7 3. g3 c5 4. Bg2 Nc6 5. O-O d5 6. d3 e6 7. c3 Nge7 8. Na3
O-O 9. e4 b6 10. e5 a5 11. Nb5 Ba6 12. a4 Na7 13. Nxa7 Rxa7 14. Be3 Qd7 15. Qd2
Rc8 16. Rfc1 Rb7 17. Bf1 Bf8 1/2-1/2

[Event "4NCL North"]
[Site "Harrogate"]
[Date "2011.02.19"]
[Round "5"]
[White "Williamson, Roger G"]
[Black "Acey, Gerald"]
[Result "1/2-1/2"]
[WhiteElo "2187"]
[BlackElo "2090"]
[PlyCount "84"]
[EventDate "2011.??.??"]

1. e4 Nf6 2. e5 Nd5 3. d4 d6 4. Nf3 dxe5 5. Nxe5 c6 6. Bc4 g6 7. O-O Bg7 8. Bb3
Nd7 9. Nf3 O-O 10. Re1 N7f6 11. h3 a5 12. a3 Qc7 13. c4 Nb6 14. Nc3 Bf5 15. Bg5
Rad8 16. Bh4 Nc8 17. g4 Nxg4 18. hxg4 Bxg4 19. Bg3 Qb6 20. Na4 Qa7 21. Re4 Bxf3
22. Qxf3 Rxd4 23. Rae1 b5 24. cxb5 cxb5 25. Nc3 Rxe4 26. Qxe4 Qc5 27. Qf3 b4
28. axb4 Qxb4 29. Qd1 h5 30. Nd5 Qc5 31. Be5 Bxe5 32. Rxe5 Kg7 33. Qe2 Qc1+ 34.
Kg2 e6 35. Ne3 Qc6+ 36. f3 a4 37. Ba2 Ne7 38. Qd2 Rb8 39. Re4 Qb5 40. Nc4 Nf5
41. Qc3+ Kg8 42. Qd2 Qd5 1/2-1/2

[Event "4NCL North "]
[Site "Harrogate"]
[Date "2011.02.19"]
[Round "5"]
[White "Doran, Chris"]
[Black "Mounce, Richard B"]
[Result "0-1"]
[WhiteElo "2020"]
[BlackElo "1914"]
[PlyCount "88"]
[EventDate "2011.??.??"]

1. e4 e5 2. Nf3 Nc6 3. Bb5 a6 4. Ba4 Nf6 5. O-O b5 6. Bb3 Bb7 7. Re1 Bc5 8. c3
Ng4 9. d4 exd4 10. Bxf7+ Kf8 11. Bg5 Nxf2 12. Kxf2 dxc3+ 13. Kf1 cxb2 14. Nc3
bxa1=Q 15. Qxa1 Be7 16. Bxe7+ Qxe7 17. Bd5 Ke8 18. e5 Rf8 19. e6 d6 20. Ne4 Na5
21. Qd1 c6 22. Bxc6+ Kd8 23. Nxd6 Kc7 24. Bxb7 Nxb7 25. Nxb7 Kxb7 26. Qd5+ Kb6
27. Rc1 Rac8 28. Qd4+ Kb7 29. Qd5+ Ka7 30. Qd4+ Ka8 31. Rxc8+ Rxc8 32. Qe4+ {
(=)} Ka7 33. Qxh7 Qxe6 34. Qxg7+ Ka8 35. Qd4 Rc1+ 36. Kf2 Qxa2+ 37. Kg3 Qg8+
38. Kh3 Rc4 39. Qd7 Qc8 40. Qxc8+ Rxc8 41. g4 b4 42. g5 b3 43. g6 b2 44. Nd2
Rg8 0-1

[Event "4NCL North"]
[Site "Harrogate"]
[Date "2011.02.19"]
[Round "5"]
[White "Patrick, David A"]
[Black "Mort, Andrew J"]
[Result "1/2-1/2"]
[WhiteElo "1961"]
[BlackElo "1914"]
[PlyCount "38"]
[EventDate "2011.??.??"]

1. e4 c6 2. d4 d5 3. exd5 cxd5 4. Bd3 Nc6 5. c3 g6 6. h3 Bg7 7. Nf3 Nh6 8. Bf4
O-O 9. Qd2 Nf5 10. Na3 a6 11. O-O Nd6 12. Rfe1 Bf5 13. Bxd6 Qxd6 14. Bxf5 gxf5
15. Qg5 Qg6 16. Qxg6 hxg6 17. Ne5 Bxe5 18. dxe5 e6 19. Rad1 Rfd8 1/2-1/2

[Event "4NCL North"]
[Site "Harrogate"]
[Date "2011.02.19"]
[Round "5"]
[White "Edwards-Wright, Miles D"]
[Black "Pardoe, David"]
[Result "0-1"]
[WhiteElo "1946"]
[BlackElo "1898"]
[PlyCount "36"]
[EventDate "2011.??.??"]

1. g3 d5 2. Bg2 c5 3. d4 Nc6 4. c3 e6 5. Nf3 Nf6 6. O-O Be7 7. Ne5 Bd7 8. f4
cxd4 9. cxd4 Qb6 10. e3 h5 11. h3 Rc8 12. Nc3 a6 13. Rb1 Nxe5 14. fxe5 Rxc3 15.
exf6 gxf6 16. Bd2 Rc8 17. Bc3 f5 18. g4 hxg4 0-1

[Event "4NCL North"]
[Site "Harrogate"]
[Date "2011.02.19"]
[Round "5"]
[White "Lang, Adam R"]
[Black "Robertson, David J"]
[Result "0-1"]
[WhiteElo "2050"]
[BlackElo "1885"]
[PlyCount "142"]
[EventDate "2011.??.??"]

1. e4 c5 2. Nf3 d6 3. d4 cxd4 4. Nxd4 Nf6 5. Nc3 a6 6. Be3 e5 7. Nb3 Be6 8. f3
Be7 9. Be2 O-O 10. g4 Nbd7 11. Qd2 b5 12. O-O-O b4 13. Nd5 Bxd5 14. exd5 a5 15.
Kb1 Nb6 16. f4 a4 17. Nc1 exf4 18. Bxf4 Nfxd5 19. Bf3 Ra5 20. Bg3 Bf6 21. Qd3
Bxb2 22. Kxb2 Qf6+ 23. Qd4 Qxf3 24. Nd3 Rc8 25. Rhe1 Rac5 26. Rc1 Rc4 27. Qf2
Qxf2 28. Nxf2 R4c6 29. Ne4 Nc4+ 30. Ka1 h6 31. Nxd6 Nxd6 32. Red1 Ne3 33. Rxd6
Rxd6 34. Bxd6 Nxc2+ 35. Kb2 a3+ 36. Kb1 Rc6 37. Be5 b3 38. Bf4 bxa2+ 39. Kxa2
g5 40. Bd2 Nb4+ 41. Kxa3 Rxc1 42. Bxc1 Nd3 43. Be3 Ne5 44. Kb3 Nxg4 45. Bg1 f5
46. h3 Ne5 47. Kc3 Kf7 48. Bf2 Ke6 49. Kd4 Ng6 50. Be3 f4 51. Bf2 Kf5 52. Kd3
Ne5+ 53. Ke2 Ke4 54. Bc5 f3+ 55. Kf1 h5 56. Be7 g4 57. hxg4 hxg4 58. Bh4 Kf4
59. Be1 g3 60. Bd2+ Kg4 61. Be3 Ng6 62. Kg1 Nf4 63. Bc5 Nh3+ 64. Kh1 g2+ 65.
Kh2 g1=Q+ 66. Bxg1 Nxg1 67. Kh1 Nh3 68. Kh2 Nf4 69. Kg1 Kg3 70. Kh1 Kf2 71. Kh2
Ke2 0-1

[Event "4NCL North"]
[Site "Harrogate"]
[Date "2011.02.19"]
[Round "5"]
[White "Cowan, Richard M"]
[Black "Bennion, David"]
[Result "0-1"]
[WhiteElo "1897"]
[BlackElo "2015"]
[PlyCount "82"]
[EventDate "2011.??.??"]

1. e4 e5 2. Nf3 Nc6 3. Bb5 d6 4. c3 Nf6 5. Qe2 Be7 6. O-O Bg4 7. d4 exd4 8.
cxd4 Nd7 9. Be3 O-O 10. Nbd2 Nb4 11. Qc4 d5 12. exd5 Nb6 13. Qb3 c6 14. Ne5 Bf5
15. dxc6 Bc2 16. Qc3 N6d5 17. c7 Nxc7 18. Bc4 Rc8 19. Bg5 Bxg5 20. Qxb4 Ne6 21.
Ndf3 Nf4 22. Rfe1 Bf5 23. Rad1 Bh4 24. Qb3 Kh8 25. Nxf7+ (25. Nxh4 Qxh4 26.
Nxf7+ Rxf7 27. Bxf7 $18) 25... Rxf7 26. Bxf7 Bc2 27. Qxb7 Bxd1 28. Rxd1 Rc7 29.
Qe4 Rxf7 30. Nxh4 Rf6 31. g3 Nh3+ 32. Kg2 Nxf2 33. Qe2 Nxd1 34. Qxd1 Qd5+ 35.
Nf3 g5 36. Qe2 Re6 37. Qc2 g4 38. Qc8+ Kg7 39. Qc7+ Kg6 40. Qc2+ Kf6 41. Qxh7
Qxf3+ 0-1

[Event "4NCL North"]
[Site "Harrogate"]
[Date "2011.02.19"]
[Round "5"]
[White "Armstrong, Malcolm J"]
[Black "Hawkins, James N H"]
[Result "1/2-1/2"]
[WhiteElo "1957"]
[BlackElo "1987"]
[PlyCount "48"]
[EventDate "2011.??.??"]

1. d4 Nf6 2. Nf3 e6 3. c4 b6 4. e3 Bb7 5. Bd3 Bb4+ 6. Nbd2 O-O 7. O-O Bxd2 8.
Nxd2 d5 9. b3 Nbd7 10. Bb2 Re8 11. Nf3 Ne4 12. Qe2 a5 13. Rac1 Rc8 14. Rfd1 Qe7
15. cxd5 exd5 16. Ba6 Bxa6 17. Qxa6 c6 18. Rc2 f6 19. Qd3 Qd6 20. Ne1 Ng5 21.
Re2 Re6 22. Qf5 Rce8 23. Rc2 Nb8 24. h4 g6 1/2-1/2

[Event "4NCL North"]
[Site "Harrogate"]
[Date "2011.02.19"]
[Round "5"]
[White "Armstrong, William G"]
[Black "Frith, Robert J"]
[Result "1/2-1/2"]
[WhiteElo "1952"]
[BlackElo "1938"]
[PlyCount "47"]
[EventDate "2011.??.??"]

1. e4 e5 2. Nf3 d6 3. Bc4 Nf6 4. d3 Be7 5. Nbd2 c6 6. Bb3 O-O 7. c3 Qc7 8. O-O
Bg4 9. Re1 Nbd7 10. Nf1 Nc5 11. Bc2 d5 12. b4 dxe4 13. dxe4 Rad8 14. Qe2 Ne6
15. h3 Bh5 16. g4 Bg6 17. Ng3 Nf4 18. Bxf4 exf4 19. Nf5 Bxf5 20. gxf5 Rfe8 21.
Rad1 Rxd1 22. Qxd1 Bd6 23. Qd3 Be5 24. Rd1 1/2-1/2

[Event "4NCL North"]
[Site "Harrogate"]
[Date "2011.02.19"]
[Round "5"]
[White "Woolley, Jos"]
[Black "Bennett, Patrick"]
[Result "1-0"]
[WhiteElo "2099"]
[BlackElo "2060"]
[PlyCount "75"]
[EventDate "2011.??.??"]

1. e4 g6 2. d4 Bg7 3. a3 d6 4. f4 Nd7 5. Nf3 c5 6. Bc4 cxd4 7. O-O Qb6 8. Kh1
Nh6 9. Qe1 Qc5 10. Nbd2 O-O 11. Qh4 Nf6 12. Bd3 Qh5 13. Qxh5 Nxh5 14. Nb3 Nf6
15. Nbxd4 a6 16. h3 d5 17. exd5 Nxd5 18. g4 Kh8 19. c4 Nb6 20. Bd2 Rd8 21. Ba5
Rxd4 22. Nxd4 Bxd4 23. Rad1 Na4 24. Bxg6 Bxb2 25. Rd8+ Kg7 26. Be4 Nc5 27. Rb1
Bxa3 28. Bc3+ f6 29. Bd5 Nf7 30. Re8 Nd3 31. g5 Nxf4 32. gxf6+ exf6 33. Rg1+
Ng6 34. h4 Nd6 35. Rg8+ Kh6 36. Bd2+ Kh5 37. Bf3+ Kxh4 38. Be1+ 1-0

[Event "4NCL North"]
[Site "Harrogate"]
[Date "2011.02.19"]
[Round "5"]
[White "Richardson, Alex"]
[Black "Gruca, Miroslav"]
[Result "1/2-1/2"]
[WhiteElo "2084"]
[BlackElo "2205"]
[PlyCount "42"]
[EventDate "2011.??.??"]

1. c4 Nf6 2. g3 g6 3. Bg2 Bg7 4. Nc3 O-O 5. e4 d6 6. Nge2 c5 7. O-O Nc6 8. d3
Rb8 9. h3 Bd7 10. Be3 a6 11. a4 Ne8 12. d4 cxd4 13. Nxd4 Nc7 14. Kh2 Ne6 15.
Nde2 Nc5 16. Rb1 Nb4 17. Nd4 Qc7 18. b3 Rbd8 19. Qd2 e5 20. Nc2 Nxc2 21. Qxc2
Be6 1/2-1/2

[Event "4NCL North"]
[Site "Harrogate"]
[Date "2011.02.19"]
[Round "5"]
[White "Kane, Brendan D"]
[Black "Harris, Martin"]
[Result "0-1"]
[WhiteElo "2010"]
[BlackElo "1986"]
[PlyCount "104"]
[EventDate "2011.??.??"]

1. e4 d5 2. exd5 Nf6 3. d4 Nxd5 4. Nf3 e6 5. Nc3 Bb4 6. Bd2 O-O 7. Bd3 Nxc3 8.
bxc3 Be7 9. Qe2 Nd7 10. Rb1 c6 11. h4 Re8 12. Ng5 Nf6 13. Qf3 h6 14. Bf4 Qd5
15. Ne4 Nxe4 16. Qxe4 Qxe4+ 17. Bxe4 Bf6 18. Be3 Rb8 19. Bxc6 Re7 20. Bf3 b6
21. g3 Ba6 22. Be2 Bb7 23. O-O Rc8 24. c4 Ba6 25. Rb4 Rec7 26. Ra4 Bxc4 27.
Bxc4 Rxc4 28. Rxa7 Bxd4 29. Bxd4 Rxd4 30. a4 Rxc2 31. Ra8+ Kh7 32. Ra7 Kg6 33.
Ra6 Rb2 34. a5 bxa5 35. Rxa5 Rdd2 36. Ra4 h5 37. Re4 Re2 38. Ra4 e5 39. Ra6+ f6
40. Ra3 e4 41. Ra4 e3 42. Rf4 Rxf2 43. R1xf2 exf2+ 44. Kf1 Kf7 45. g4 hxg4 46.
Rxg4 f5 47. Rf4 Kf6 48. Rxf2 Rxf2+ 49. Kxf2 Ke5 50. Ke3 f4+ 51. Kf3 Kf5 52. h5
Kg5 0-1

[Event "4NCL North"]
[Site "Harrogate"]
[Date "2011.02.19"]
[Round "5"]
[White "Jones, Steven"]
[Black "Connor, Michael I"]
[Result "1-0"]
[WhiteElo "1829"]
[BlackElo "1858"]
[PlyCount "85"]
[EventDate "2011.??.??"]

1. Nf3 Nf6 2. c4 g6 3. Nc3 d5 4. e3 Bg7 5. d4 O-O 6. Qb3 e6 7. Bd2 dxc4 8. Bxc4
Nbd7 9. O-O c5 10. Rfd1 cxd4 11. exd4 Nb6 12. Bf1 Nbd5 13. Rac1 b6 14. Nxd5
Nxd5 15. Bg5 Qd6 16. Bh4 Bb7 17. Bg3 Qe7 18. Ne5 Rfc8 19. Nc4 Ba6 20. Qa4 Bb7
21. Nd6 Rxc1 22. Rxc1 a6 23. Nxb7 Qxb7 24. Be2 b5 25. Qd1 Qb6 26. Be5 Bxe5 27.
dxe5 Rd8 28. Qd2 Ne7 29. Qg5 Nf5 30. h4 h6 31. Qf6 h5 32. Bd3 Qd4 33. Bxf5 exf5
34. Rc7 Qd5 35. Rxf7 Qxf7 36. Qxd8+ Kg7 37. b3 Qe6 38. Qc7+ Kg8 39. f4 Qd5 40.
Qb6 Qd1+ 41. Kh2 Qg4 42. Qd8+ Kf7 43. Qf6+ 1-0

[Event "4NCL North"]
[Site "Harrogate"]
[Date "2011.02.19"]
[Round "5"]
[White "Pollard, Matthew B"]
[Black "Hackner, Oskar A"]
[Result "1-0"]
[WhiteElo "1842"]
[BlackElo "1778"]
[PlyCount "91"]
[EventDate "2011.??.??"]

1. Nf3 Nf6 2. g3 b6 3. Bg2 Bb7 4. O-O c5 5. d3 g6 6. e4 Bg7 7. c3 O-O 8. h3 Nc6
9. Be3 c4 10. Ne1 cxd3 11. Nxd3 d5 12. exd5 Nxd5 13. Qe2 Nxe3 14. Qxe3 Qc7 15.
Na3 Rad8 16. Rad1 Ba6 17. Bxc6 Bxd3 18. Rxd3 Rxd3 19. Qxd3 Qxc6 20. h4 Rc8 21.
Rd1 Be5 22. Nc2 Bd6 23. Nd4 Qa4 24. a3 Rd8 25. Qf3 Bc5 26. Re1 e6 27. Nc6 Rd5
28. Ne5 Qe8 29. Ng4 Be7 30. c4 Rf5 31. Nh6+ Kg7 32. Nxf5+ gxf5 33. Qb7 Bc5 34.
b4 Bd4 35. Qf3 Qa4 36. Rd1 Bb2 37. Rd3 a5 38. Qe3 h6 39. Qxb6 Bxa3 40. Qd4+ Kg6
41. bxa5 Bb4 42. g4 Qxa5 43. h5+ Kg5 44. Qg7+ Kh4 45. gxf5 Bd6 46. Rd4+ 1-0

[Event "4NCL North"]
[Site "Harrogate"]
[Date "2011.02.19"]
[Round "5"]
[White "Carleton, John J"]
[Black "Hague, Ben"]
[Result "0-1"]
[WhiteElo "2307"]
[BlackElo "2301"]
[PlyCount "56"]
[EventDate "2011.??.??"]

1. d4 Nc6 2. e4 e5 3. dxe5 Nxe5 4. Nc3 Bb4 5. f4 Nc6 6. Nf3 Nf6 7. Bd2 d5 8.
exd5 Nxd5 9. Qe2+ Nde7 10. O-O-O O-O 11. Qf2 Qd6 12. Be3 Qf6 13. Nb5 Bf5 14.
Bc4 Na5 15. Be2 Qe6 16. Kb1 Bxc2+ 17. Kxc2 Qxa2 18. Bd3 Rad8 19. Bd4 Rd6 20.
Nxd6 cxd6 21. Bxh7+ Kxh7 22. Rd3 Rc8+ 23. Bc3 Bxc3 24. Rxc3 Rxc3+ 25. Kxc3 Nd5+
26. Kd2 Qxb2+ 27. Ke1 Qc1+ 28. Ke2 Nxf4# 0-1

[Event "4NCL North"]
[Site "Harrogate"]
[Date "2011.02.19"]
[Round "5"]
[White "Turner, John M"]
[Black "Hopwood, Paul M"]
[Result "1/2-1/2"]
[WhiteElo "2071"]
[BlackElo "2130"]
[PlyCount "48"]
[EventDate "2011.??.??"]

1. e4 c5 2. Nc3 Nc6 3. Bb5 Nd4 4. Bc4 e6 5. Nge2 Nf6 6. O-O a6 7. e5 d5 8. exf6
dxc4 9. fxg7 Bxg7 10. d3 Nxe2+ 11. Qxe2 cxd3 12. Qxd3 Qxd3 13. cxd3 Bd7 14. Ne4
b6 15. Bg5 Bb5 16. Nf6+ Bxf6 17. Bxf6 Rg8 18. Rfd1 Rg6 19. Bc3 Rd8 20. d4 c4
21. Re1 Bc6 22. g3 Rd5 23. Re5 Rg5 24. Rae1 Rgxe5 1/2-1/2

[Event "4NCL North"]
[Site "Harrogate"]
[Date "2011.02.19"]
[Round "5"]
[White "Driscoll, Mike"]
[Black "Brijmohun, Louis"]
[Result "0-1"]
[WhiteElo "1914"]
[BlackElo "2018"]
[PlyCount "128"]
[EventDate "2011.??.??"]

1. e4 e5 2. Nf3 Nc6 3. Bb5 a6 4. Ba4 Nf6 5. O-O Be7 6. Re1 b5 7. Bb3 d6 8. c3
O-O 9. h3 Na5 10. Bc2 c5 11. d4 Nd7 12. Nbd2 exd4 13. cxd4 Nc6 14. Nf1 Bf6 15.
d5 Nd4 16. Bb1 Re8 17. Nxd4 Bxd4 18. Ne3 Nb6 19. Bc2 Qf6 20. Rb1 Bd7 21. b3 b4
22. Bd3 a5 23. Rf1 a4 24. Qe2 axb3 25. axb3 Qh4 26. Qf3 Ra2 27. Nf5 Bxf5 28.
Qxf5 Qg3 29. Qf3 Qxf3 30. gxf3 Nd7 31. Bb5 Rd8 32. Bxd7 Rxd7 33. Be3 Bxe3 34.
fxe3 f6 35. Rf2 Rda7 36. Kg2 Rxf2+ 37. Kxf2 Ra2+ 38. Kg3 Re2 39. Kf4 Kf7 40. h4
g5+ 41. hxg5 fxg5+ 42. Kxg5 Rxe3 43. Kf4 Rd3 44. Rh1 Kg6 45. Rg1+ Kf6 46. Rh1
Rxb3 47. Rxh7 Ra3 48. Rh6+ Ke7 49. Rh7+ Kd8 50. Rh6 Ra6 51. Kf5 b3 52. Rh8+ Kc7
53. Rh7+ Kb6 54. Rh1 c4 55. Rb1 Kc7 56. f4 Ra3 57. Rc1 Ra4 58. e5 b2 59. Rb1 c3
60. Kf6 Ra1 61. Ke7 dxe5 62. d6+ Kc6 63. fxe5 Rxb1 64. d7 Rd1 0-1

[Event "4NCL North"]
[Site "Harrogate"]
[Date "2011.02.19"]
[Round "5"]
[White "Norris, Michael J"]
[Black "Bak, Andrew"]
[Result "1/2-1/2"]
[WhiteElo "1994"]
[BlackElo "1946"]
[PlyCount "82"]
[EventDate "2011.??.??"]

1. d4 Nf6 2. c4 c5 3. d5 b5 4. cxb5 a6 5. bxa6 g6 6. Nc3 Bxa6 7. g3 d6 8. Bg2
Bg7 9. Nf3 Nbd7 10. O-O O-O 11. Qc2 Ng4 12. Rd1 Nge5 13. e4 Nxf3+ 14. Bxf3 Ne5
15. Be2 Qa5 16. Bxa6 Qxa6 17. Kg2 c4 18. a4 Rfb8 19. Ra3 Nd3 20. b3 Nxc1 21.
Rxc1 cxb3 22. Rxb3 Rxb3 23. Qxb3 Bxc3 24. Rxc3 Qxa4 25. Rc8+ Kg7 26. Qc3+ f6
27. Rxa8 Qxa8 28. Qc7 Kf7 29. Qd7 Qe8 30. Qe6+ Kf8 31. f4 Qb5 32. Qc8+ Kg7 33.
Qe6 Kf8 34. Qc8+ Kg7 35. Qc2 f5 36. h3 fxe4 37. Qxe4 Qb2+ 38. Kf3 Qb3+ 39. Kg2
Qb2+ 40. Kf3 Qb3+ 41. Kg2 Qb2+ 1/2-1/2

[Event "4NCL North"]
[Site "Harrogate"]
[Date "2011.02.19"]
[Round "5"]
[White "Gorman, John A"]
[Black "Anderson, Paul W"]
[Result "1-0"]
[WhiteElo "1942"]
[BlackElo "1834"]
[PlyCount "91"]
[EventDate "2011.??.??"]

1. e4 e5 2. Nf3 Nf6 3. Nxe5 d6 4. Nf3 Nxe4 5. d4 d5 6. Bd3 Be7 7. O-O Bg4 8. h3
Bh5 9. Re1 Nf6 10. Nbd2 Nbd7 11. Qe2 Nf8 12. Nf1 Ne6 13. c3 Bxf3 14. Qxf3 O-O
15. Ng3 Re8 16. Nf5 c6 17. Nxe7+ Rxe7 18. Bd2 Qc7 19. g4 Rae8 20. Qf5 Nf8 21.
Rxe7 Rxe7 22. Bf4 Qd7 23. Kf1 Qxf5 24. Bxf5 N6d7 25. Bd6 Re6 26. Bxf8 Nxf8 27.
Bxe6 Nxe6 28. Kg2 Kf8 29. Kg3 h6 30. h4 g5 31. hxg5 hxg5 32. a4 Ke7 33. Rh1 c5
34. dxc5 Nxc5 35. Rh5 a6 36. a5 f6 37. Kf3 Kd6 38. Rh7 Kc6 39. Ke3 b5 40. axb6
Kxb6 41. Rf7 Na4 42. Rxf6+ Kb5 43. f4 Nxb2 44. fxg5 a5 45. g6 Nc4+ 46. Kd4 1-0

[Event "4NCL North"]
[Site "Harrogate"]
[Date "2011.02.19"]
[Round "5"]
[White "Connor, Stephen"]
[Black "Molofej, Denis"]
[Result "1/2-1/2"]
[WhiteElo "2058"]
[BlackElo "2043"]
[PlyCount "59"]
[EventDate "2011.??.??"]

1. c4 e5 2. Nc3 Nf6 3. Nf3 Nc6 4. d4 exd4 5. Nxd4 Bb4 6. Bg5 h6 7. Nxc6 Bxc3+
8. bxc3 bxc6 9. Bxf6 Qxf6 10. Qd4 Qg6 11. g3 O-O 12. Bg2 Qe6 13. Be4 Ba6 14.
Bd3 d6 15. O-O c5 16. Qd5 Rab8 17. Rab1 Rb6 18. Rxb6 cxb6 19. Rb1 Qe5 20. Qxe5
dxe5 21. f3 Rd8 22. Kf2 Rd6 23. a4 Bc8 24. a5 Be6 25. Ra1 f5 26. axb6 axb6 27.
Ra8+ Kf7 28. Ke3 Rd7 29. Rb8 Rd6 30. h4 1/2-1/2

[Event "4NCL North"]
[Site "Harrogate"]
[Date "2011.02.19"]
[Round "5"]
[White "Nicolson, Jim"]
[Black "Corcoran, Gary"]
[Result "0-1"]
[WhiteElo "1936"]
[BlackElo "1868"]
[PlyCount "38"]
[EventDate "2011.??.??"]

1. c4 e5 2. Nc3 Nf6 3. g3 d5 4. cxd5 Nxd5 5. Bg2 Be6 6. Nf3 Nc6 7. O-O Be7 8.
d3 O-O 9. Bd2 f5 10. a3 Nb6 11. b4 a6 12. Na4 Nxa4 13. Qxa4 e4 14. Ne1 Nd4 15.
Qd1 Bb3 16. Qb1 Nxe2+ 17. Kh1 Be6 18. Be3 Bf6 19. Ra2 Nc3 0-1

[Event "4NCL North"]
[Site "Harrogate"]
[Date "2011.02.19"]
[Round "5"]
[White "Amos, Bob"]
[Black "Taylor, William J"]
[Result "1/2-1/2"]
[WhiteElo "1698"]
[BlackElo "1866"]
[PlyCount "37"]
[EventDate "2011.??.??"]

1. e4 e5 2. Nf3 Nc6 3. Bc4 Bc5 4. d3 Nf6 5. O-O d6 6. Nc3 a6 7. a4 Bg4 8. Bg5
h6 9. Bxf6 gxf6 10. h3 h5 11. Nd5 f5 12. c3 f4 13. b4 Ba7 14. d4 exd4 15. Be2
dxc3 16. Rc1 Be6 17. Rxc3 Rg8 18. Nxf4 Qf6 19. Qc1 1/2-1/2

[Event "4NCL North"]
[Site "Harrogate"]
[Date "2011.02.20"]
[Round "6"]
[White "Edwards, Simon R"]
[Black "Williams, Winston"]
[Result "1/2-1/2"]
[WhiteElo "2007"]
[BlackElo "2220"]
[PlyCount "57"]
[EventDate "2011.??.??"]

1. e4 c6 2. d4 d5 3. exd5 cxd5 4. c4 Nf6 5. Nc3 Nc6 6. Bg5 Be6 7. Bxf6 gxf6 8.
c5 Rg8 9. g3 Bg4 10. Be2 Bxe2 11. Ngxe2 e6 12. O-O f5 13. Rb1 a6 14. Na4 Bg7
15. Nb6 Rb8 16. Qd2 Qf6 17. Rbd1 Bh6 18. f4 Bf8 19. b4 h5 20. Rf3 h4 21. Rd3
Rd8 22. a3 Be7 23. a4 hxg3 24. Rxg3 Rxg3+ 25. hxg3 a5 26. bxa5 Qg7 27. Kf2 Bf6
28. Qb2 Kf8 29. Qc3 1/2-1/2

[Event "4NCL North"]
[Site "Harrogate"]
[Date "2011.02.20"]
[Round "6"]
[White "Ackley, Peter J E"]
[Black "Williamson, Roger G"]
[Result "1-0"]
[WhiteElo "2024"]
[BlackElo "2187"]
[PlyCount "63"]
[EventDate "2011.??.??"]

1. c4 e5 2. g3 Nc6 3. Bg2 d6 4. Nc3 Be6 5. d3 Qd7 6. Rb1 g6 7. b4 Bg7 8. b5 Nd8
9. e4 f5 10. Nge2 Nf6 11. Nd5 O-O 12. O-O Kh8 13. f4 Ng8 14. Ba3 Re8 15. exf5
gxf5 16. Bb2 c6 17. bxc6 bxc6 18. Ne3 Ne7 19. fxe5 dxe5 20. d4 e4 21. Nf4 Bf7
22. d5 cxd5 23. cxd5 Nb7 24. Bxg7+ Kxg7 25. Qd4+ Kg8 26. Rfd1 Nd6 27. Ne6 Bxe6
28. dxe6 Qxe6 29. Qxd6 Qxa2 30. Bf1 Qa5 31. Bc4+ Kg7 32. Rb7 1-0